Normal view
MARC view
- Strayer, Joseph R. ; Munro, Dana C
Entry Personal Name
001 - CONTROL NUMBER
- control field: 134381
003 - CONTROL NUMBER IDENTIFIER
- control field: NUST
005 - DATE AND TIME OF LATEST TRANSACTION
- control field: 20260508104137.0
008 - FIXED-LENGTH DATA ELEMENTS
- fixed length control field: 260508|| aca||aabn | a|a d
040 ## - CATALOGING SOURCE
- Original cataloging agency: NUST
- Transcribing agency: NUST
100 ## - HEADING--PERSONAL NAME
- Personal name: Strayer, Joseph R. ; Munro, Dana C
670 ## - SOURCE DATA FOUND
- Source citation: Work cat.: (NUST): Strayer, Joseph R. ; Munro, Dana C., The Middle Ages, 395-1500 /, 1959.
